Statistiken für Städte mit "N"

Klicken Sie hier um das Quiz zu spielen!

Allgemein

  • Dieses Quiz wurde 33 mal gespielt
    (6 seit der letzten Aktualisierung)
  • Das Durchschnittsergebnis liegt bei 12 aus 57

Antwortstatistiken

LandStadt% Korrekt
Deutschland 🇩🇪Nürnberg
100%
Bahamas 🇧🇸Nassau
83%
USA 🇺🇸New York
83%
Kenia 🇰🇪Nairobi
67%
Frankreich 🇫🇷Nantes
67%
Indien 🇮🇳Neu - Delhi
67%
Großbritannien 🇬🇧Newcastle
67%
USA 🇺🇸New Orleans
67%
Italien 🇮🇹Neapel
50%
Belgien 🇧🇪Namur
33%
China 🇨🇳Nanjing
33%
Deutschland 🇩🇪Naumburg (Saale)
33%
Deutschland 🇩🇪Neunkirchen (Saar)
33%
Deutschland 🇩🇪Neu - Ulm
33%
Niger 🇳🇪Niamey
33%
Zypern 🇨🇾Nikosia
33%
Frankreich 🇫🇷Nizza
33%
Mauretanien 🇲🇷Nouakchott
33%
Tonga 🇹🇴Nukualofa
33%
Myanmar 🇲🇲Naypyidaw
17%
Tschad 🇹🇩NDjamena
17%
Deutschland 🇩🇪Neubrandenburg
17%
Schweiz 🇨🇭Neuenburg
17%
Deutschland 🇩🇪Neuss
17%
Palau 🇵🇼Ngerulmud
17%
Frankreich 🇫🇷Nimes
17%
Niederlande 🇳🇱Nimwegen
17%
Russland 🇷🇺Nischni Nowgorod
17%
Deutschland 🇩🇪Nordhorn
17%
Russland 🇷🇺Nowosibirsk
17%
Schweiz 🇨🇭Nyon
17%
Deutschland 🇩🇪Nagold
0%
Japan 🇯🇵Nagoya
0%
China 🇨🇳Nanchang
0%
China 🇨🇳Nanchong
0%
Frankreich 🇫🇷Nancy
0%
China 🇨🇳Nanking
0%
China 🇨🇳Nanning
0%
China 🇨🇳Nantong
0%
China 🇨🇳Nanyang
0%
Frankreich 🇫🇷Narbonne
0%
USA 🇺🇸Nashville
0%
Brasilien 🇧🇷Natal
0%
Deutschland 🇩🇪Nettetal
0%
Schweiz 🇨🇭Neuhausen am Rheinfall
0%
Deutschland 🇩🇪Neumünster
0%
Deutschland 🇩🇪Neustrelitz
0%
Deutschland 🇩🇪Neuwied
0%
Deutschland 🇩🇪Niebüll
0%
China 🇨🇳Ningbo
0%
Frankreich 🇫🇷Niort
0%
Slowakei 🇸🇰Nitra
0%
Deutschland 🇩🇪Norden
0%
Deutschland 🇩🇪Nordhausen
0%
Großbritannien 🇬🇧Nottingham
0%
Russland 🇷🇺Nowgorod
0%
Deutschland 🇩🇪Nürtingen
0%

Verteilung der Resultate

Perzentil nach korrekt beantworteten Fragen

Anzahl Personen mit jedem Resultat

Ihre Resultats-Entwicklung

Sie haben dieses Quiz seit der letzten Aktualisierung nicht gespielt